Le Conseil des ministres du Québec - Statistiques

Statistiques générales
  • Ce quiz a été pris 21 fois
    6 depuis la dernière actualisation
  • Le résultat moyen est 27 sur 30
Statistiques - réponses
Réponses Fonctions % Correct
Benoit Charette Ministre responsable des Infrastructures
100%
Bernard Drainville Ministre de l’Environnement, de la Lutte contre les changements climatiques, de la Faune et des Parcs
Ministre responsable de la Stratégie maritime
Ministre responsable de la région de la Chaudière-Appalaches
100%
Caroline Proulx Ministre responsable de l’Habitation
Ministre responsable de la Condition féminine
100%
Christine Fréchette Ministre de l’Économie, de l’Innovation et de l’Énergie
Ministre responsable de la région de la Montérégie
100%
Christopher Skeete Ministre des Relations internationales et de la Francophonie
Ministre responsable des Relations avec les Québécois d’expression anglaise
Ministre responsable de la Lutte contre le racisme
Ministre responsable de la région de Laval
100%
Eric Girard Ministre des Finances
100%
Éric Girard Ministre délégué au Développement économique régional
Ministre responsable de la région du Saguenay—Lac-St-Jean
100%
France-Élaine Duranceau Ministre responsable de l’Administration gouvernementale et de l’Efficacité de l’État et présidente du Conseil du trésor
100%
François Legault Premier ministre
Responsable de la région de l’Abitibi-Témiscamingue
100%
Geneviève Guilbault Ministre des Affaires municipales
100%
Gilles Bélanger Ministre de la Cybersécurité et du Numérique
100%
Ian Lafrenière Ministre de la Sécurité publique
Ministre responsable des Relations avec les Premières Nations et les Inuit
Ministre responsable de la région du Nord-du-Québec
100%
Jean Boulet Ministre du Travail
Ministre responsable de la région de la Mauricie
100%
Jean-François Roberge Ministre de l’Immigration, de la Francisation et de l’Intégration
Ministre de la Langue française
Ministre responsable de la Francophonie canadienne
Ministre responsable de la Laïcité
Ministre responsable des Institutions démocratiques
Ministre responsable de l’Accès à l’information et de la Protection des renseignements personnels
100%
Jean-François Simard Ministre des Ressources naturelles et des Forêts
Ministre responsable de la région de la Capitale-Nationale
100%
Kateri Champagne Jourdain Ministre de la Famille
Ministre responsable de la région de la Côte-Nord
100%
Mathieu Lacombe Ministre de la Culture et des Communications
Ministre responsable de la région de l’Outaouais
100%
Samuel Poulin Ministre responsable de la Jeunesse Ministre délégué à l’Économie et aux Petites et Moyennes Entreprises
100%
Simon Jolin-Barrette Ministre de la Justice
Ministre responsable des Relations canadiennes
Leader parlementaire du gouvernement
100%
Sonia Bélanger Ministre de la Santé
Ministre responsable des Aînés et des Proches aidants
Ministre responsable des Services sociaux
Ministre responsable de la région des Laurentides
100%
Sonia Lebel Ministre de l’Éducation
Leader parlementaire adjointe du gouvernement
100%
Amélie Dionne Ministre du Tourisme
Ministre responsable de la région du Bas-Saint-Laurent et de la région de la Gaspésie—Îles-de-la-Madeleine
75%
Donald Martel Ministre de l’Agriculture, des Pêcheries et de l’Alimentation
Ministre responsable de la région du Centre-du-Québec
75%
François Jacques Président du caucus du gouvernement
75%
Isabelle Charest Ministre responsable du Sport, du Loisir et du Plein air
Ministre responsable de la région de l’Estrie
75%
Jonatan Julien Ministre des Transports et de la Mobilité durable
75%
Martine Biron Ministre de l’Enseignement supérieur
75%
Chantal Rouleau Ministre responsable de la Solidarité sociale et de l’Action communautaire Ministre responsable de la Métropole et de la région de Montréal
50%
Pascale Déry Ministre de l‘Emploi
Ministre responsable de la région de Lanaudière
50%
Yves Montigny Whip en chef du gouvernement
25%
Aucun quiz correspondant
Distribution des résultats
% des personnes avec chaque résultat
Percentile par nombre de réponses
Votre historique - résultats
Vous n’avez pas pris ce quiz depuis la dernière actualisation